| 000 | 00481nam a22001937a 4500 | ||
|---|---|---|---|
| 005 | 20251108170723.0 | ||
| 008 | 250721s1980 xx 000 0 eng d | ||
| 082 | 1 | 4 | _a629.13252/bir |
| 100 | 1 | _abirch, n.h. | |
| 245 | 1 | 0 | _aemergency procedures for pilots / |
| 264 | 1 |
_alondon : _bpitman, _c1980. |
|
| 300 | _a168p. | ||
| 490 | 0 | _aflight briefing for pilots;5 | |
| 650 | 1 | 7 | _aairplanes |
| 650 | 1 | 7 | _apiloting |
| 700 | 1 | _abramson, a.e. | |
| 942 |
_2ddc _cBK |
||
| 999 |
_c47409 _d47409 |
||